Možnosti merania otáčok turbodúchadla preplňovaného spaľovacieho motora
Saved in:
| Main Author: | |
|---|---|
| Other Authors: | |
| Format: | Manuscript Book |
| Language: | Slovak |
| Published: |
2025
|
| Subjects: | |
| Online Access: | http://is.stuba.sk/zp/portal_zp.pl?podrobnosti=185972 |
| Tags: |
No Tags, Be the first to tag this record!
|
MARC
| LEADER | 00000ntm a22000003a 4500 | ||
|---|---|---|---|
| 001 | stuzp106490 | ||
| 003 | SK-STU | ||
| 005 | 20250621210752.9 | ||
| 007 | ta | ||
| 008 | 150427s2015----xo-----f-mn---000-0-slo-d | ||
| 040 | |a STU |b slo | ||
| 041 | 0 | |a slo | |
| 100 | 1 | |a Krkoška, Richard |u 020030 |4 aut |U SjF Strojnícka fakulta |T SjF Ústav automobilového inžinierstva a konštruovania |X 103978 |U J0030 |Y 806 |7 103978 | |
| 242 | 0 | 1 | |a Methods for Measuring Turbocharger Rotational Speed in a Turbocharged Internal Combustion Engine |y eng |
| 245 | 1 | 0 | |a Možnosti merania otáčok turbodúchadla preplňovaného spaľovacieho motora |
| 260 | |c 2025 | ||
| 650 | 4 | |a Turbodúchadlo |2 slo | |
| 650 | 4 | |a meranie otáčok |2 slo | |
| 650 | 4 | |a vibroakustická metóda |2 slo | |
| 650 | 4 | |a snímač klepania |2 slo | |
| 650 | 4 | |a spaľovací motor |2 slo | |
| 650 | 4 | |a Lombardini LGW 702T |2 slo | |
| 650 | 4 | |a snímač vírivých prúdov |2 slo | |
| 650 | 4 | |a rotational speed measurement |2 eng | |
| 650 | 4 | |a Turbocharger |2 eng | |
| 650 | 4 | |a vibroacoustic method |2 eng | |
| 650 | 4 | |a knocksensor |2 eng | |
| 650 | 4 | |a internal combustion engine |2 eng | |
| 650 | 4 | |a Lombardini LGW 702T |2 eng | |
| 650 | 4 | |a eddy current sensor |2 eng | |
| 700 | 1 | |a Chríbik, Andrej |u 020030 |k Z1 |4 ths |U SjF Strojnícka fakulta |T SjF Ústav automobilového inžinierstva a konštruovania |X 26808 |U J0030 |Y 806 |7 A000026808 | |
| 856 | 4 | |u http://is.stuba.sk/zp/portal_zp.pl?podrobnosti=185972 | |